Historia social de la literatura y el arte

Tallennettuna:
Bibliografiset tiedot
Päätekijä: Hauser, Arnold (Tekijä)
Aineistotyyppi: Kirja
Kieli:espanja
Julkaistu: Madrid Debate 2006
Painos:2a. ed
Aiheet:
Tagit: Lisää tagi
Ei tageja, Lisää ensimmäinen tagi!

MARC

LEADER 00000nam a2200000 a 4500
001 UCJ1102
003 CL-VaPUC
008 060929e20060000SP |||||||||||||||||spa|d
020 |a 8483061090 
020 |a 8483061104v.1 
020 |a 8483061112v.2 
082 0 4 |a 700.9  |b HAU  |2 21 
100 |a Hauser, Arnold  |e author  |9 575005 
245 1 0 |a Historia social de la literatura y el arte 
250 |a 2a. ed 
300 |a v 
942 |c BK 
945 |d 20060929 00:00:00  |a cmena 
260 |a Madrid  |b Debate  |c 2006 
500 |a v.1: Desde la prehistoria hasta el barroco 
500 |a v.2: Desde el rococó hasta la época del cine 
650 0 |a Arte  |9 265238 
650 0 |a Historia del arte  |9 314877 
650 0 |a Desarrollo cultural  |9 267526 
650 0 |a Arte y sociedad   |9 306277 
583 |a last modification  |c 20060929 00:00:00  |k Rodrigo Vera 
999 |c 317815  |d 317813 
952 |0 0  |1 0  |4 0  |6 700_900000000000000_HAU_2006  |7 0  |8 A  |9 394784  |a BIBEDU  |b BIBEDU  |d 2019-11-22  |h v.1  |i 4281918  |o 700.9 HAU 2006  |p 4281918  |r 2019-11-22  |w 2019-11-22  |y BK  |k LIT